000 00327nam a2200133 i 4500
001 bg
100 1 _aŁUBA, Tadeusz
245 0 _aWybrane zagadnienia syntezy układów logicznych /
_cTadeusz Łuba.
260 _aWarszawa,
_c1986.
040 _cBPK
041 _apol
942 _cKS
008 s pl f |000 0 pol
999 _c3106
_d3106
856 _uhttp://koha.tu.koszalin.pl/cgi-bin/koha/opac-detail.pl?biblionumber=3106
_yKatalog online BPK